Τέννις : από το α ως το ω

Αποθηκεύτηκε σε:
Λεπτομέρειες βιβλιογραφικής εγγραφής
Κύριος συγγραφέας: Μαββίδης, Αλέξανδρος
Άλλοι συγγραφείς: Χαμπίπης, Απόστολος
Μορφή: Βιβλίο
Γλώσσα:Greek
Δημοσίευση: Αθήνα : Σάλτο; Τελέθριον, 1990
Θέματα:
Ετικέτες: Προσθήκη ετικέτας
Δεν υπάρχουν, Καταχωρήστε ετικέτα πρώτοι!

MARC

LEADER 00000nam a2200000 i 4500
001 1/79659
008 960823s1990 gre d
035 |a 1993  |b 1  |c Μικιόζος  |l 10033237 
040 |a GR-MY-UA  |b gre  |e aacr 
041 0 |a gre 
082 0 |a 796.342 
100 1 |a Μαββίδης, Αλέξανδρος. 
245 1 0 |a Τέννις :  |b από το α ως το ω /  |c Μαββίδης Αλεξ. - Χαμπίπης Αποστ. 
260 |a Αθήνα :   |b Σάλτο; Τελέθριον,   |c 1990 
300 |a 147 σ. 
650 0 0 |a Tennis. 
650 0 0 |a Tennis  |x Rules. 
650 0 0 |a Tennis  |x Training. 
700 1 |a Χαμπίπης, Απόστολος. 
852 |a INST  |b RHODES  |e 19960823  |h 796.342 ΜΑΒ  |p 005400009635  |q 005400009635  |t BK  |y 0 
909 |a Ρ  |b 026087 
922 |a 4ΕΛΗ  |b 199302  |c ΜΙΚΙΟΖΟΣ 
970 |a ΧΟΡΟΖΙΔΟΥ  |b ΤΖΕΝΗ  |z 1999/10/11